Oxford handbook of clinical pharmacy / (Record no. 20889)

MARC details
000 -LEADER
fixed length control field 01090cam a22003255a 4500
001 - CONTROL NUMBER
control field 16902449
005 - DATE AND TIME OF LATEST TRANSACTION
control field 20151008124216.0
008 - FIXED-LENGTH DATA ELEMENTS--GENERAL INFORMATION
fixed length control field 110803r20142012nyua frbf 001 0 eng d
020 ## - INTERNATIONAL STANDARD BOOK NUMBER
International Standard Book Number 9780199603640
040 ## - CATALOGING SOURCE
Original cataloging agency DLC
Language of cataloging eng
Transcribing agency DLC
Modifying agency DLC
-- EG-ScBUE
082 04 - DEWEY DECIMAL CLASSIFICATION NUMBER
Classification number 615.1
Item number OXF
Edition number 22
245 00 - TITLE STATEMENT
Title Oxford handbook of clinical pharmacy /
Statement of responsibility, etc edited by Philip Wiffen ... [et al.]
246 30 - VARYING FORM OF TITLE
Title proper/short title Handbook of clinical pharmacy
246 30 - VARYING FORM OF TITLE
Title proper/short title Clinical pharmacy
250 ## - EDITION STATEMENT
Edition statement 2nd ed., Reprint ed.
260 ## - PUBLICATION, DISTRIBUTION, ETC. (IMPRINT)
Place of publication, distribution, etc Oxford ;
-- New York :
Name of publisher, distributor, etc Oxford University Press,
Date of publication, distribution, etc 2014.
300 ## - PHYSICAL DESCRIPTION
Extent xix, 674 p. :
Other physical details ill. ;
Dimensions 19 cm.
490 0# - Series Statement
Series statement Oxford medical publications
490 0# - Series Statement
Series statement Oxford handbooks
500 ## - GENERAL NOTE
General note Index : p. 649-674.
500 ## - GENERAL NOTE
General note Reprinted of the 2012 ed.
504 ## - BIBLIOGRAPHY, ETC. NOTE
Bibliography, etc Includes bibliographical references.
650 #0 - SUBJECT ADDED ENTRY--TOPICAL TERM
Topical term or geographic name as entry element Clinical pharmacology
Form subdivision Handbooks, manuals, etc.
Source of heading or term BUEsh
650 #0 - SUBJECT ADDED ENTRY--TOPICAL TERM
Topical term or geographic name as entry element Pharmacy
Form subdivision Handbooks, manuals, etc.
Source of heading or term BUEsh
651 ## - SUBJECT ADDED ENTRY--GEOGRAPHIC NAME
Source of heading or term BUEsh
653 ## - INDEX TERM--UNCONTROLLED
Resource For college Pharmacy
Arrived date list October2015
655 ## - INDEX TERM--GENRE/FORM
Form subdivision Reading book
-- 34232
700 1# - ADDED ENTRY--PERSONAL NAME
Personal name Wiffen, Phil,
Relator term editor.
942 ## - ADDED ENTRY ELEMENTS (KOHA)
Source of classification or shelving scheme Dewey Decimal Classification
Call number prefix 615.1 OXF
Holdings
Withdrawn status Item status Source of classification or shelving scheme Damaged status Not for loan Vendor Home library Current library Shelving location Date acquired Source of acquisition Total Checkouts Full call number Barcode Date last seen Koha item type
    Dewey Decimal Classification     Baccah Central Library Central Library Ground Floor 08/10/2015 Purchase   615.1 OXF 000039866 01/12/2025 Reference (NB)